| 000 | 00407pab a2200169 454500 | ||
|---|---|---|---|
| 008 | 180718b2000 xxu||||| |||| 00| 0 eng d | ||
| 100 | _aDua, M.R. | ||
| 245 | _aGrowing free: autonomous colleges good for education | ||
| 260 | _c2000 | ||
| 300 | _ap.6 | ||
| 362 | _a20 Apr | ||
| 650 | _aHigher education | ||
| 650 | _aEducation - India | ||
| 650 | _aEducation | ||
| 773 | _aStatesman | ||
| 909 | _a46007 | ||
| 999 |
_c46007 _d46007 |
||